000 00678nam a2200241Ia 4500
003 OSt
005 20220918214425.0
006 a|||||r|||| 00| 0
007 ta
008 220917b |||||||| |||| 00| 0 eng d
024 _a137,446
037 _cTextual
040 _aARTS
_cARTS
_beng
041 _2eng
_aeng
082 _aXM2.1(Q7), N2
100 _aMuhammad Ismail Syed
_9131301
245 0 _aCritical analysis of capitalism, socialism and Islamic economic order
260 _aDelhi
_bOriental Pub
_c1992
300 _axi,570p.
_ccm.
650 _aECONOMICS
942 _hXM2.1(Q7), N2
_cTEXL
_2CC
999 _c260527
_d260527